Ejercicios de análisis de vinos : mostos, mistelas, tártaros, vinagres y alcohol : para uso de cosecheros y comerciantes en vinos / por Isidro Campllonch y Romeu mostos, mistelas, tártaros, vinagres y alcohol :
Descripción Física:
53 fitxes, 14 taules (incomplet) ; 22 cm
Otros Autores:
Sociedad Enológica del Penedès
Materias:
Vi -- Anàlisi -- Ensenyament
MARC
| LEADER | 00000nam a2200000Ia 4500 | ||
|---|---|---|---|
| 001 | 14432 | ||
| 008 | 160829s1930 xx 000 0 cat d | ||
| 080 | |a C-2-252 | ||
| 100 | |a Campllonch i Romeu, Isidro |9 48750 | ||
| 245 | |a Ejercicios de análisis de vinos : |b mostos, mistelas, tártaros, vinagres y alcohol : |b para uso de cosecheros y comerciantes en vinos / por Isidro Campllonch y Romeu | ||
| 250 | |a 6a ed. | ||
| 260 | |a Vilafranca del Penedés : |b Sociedad Enológica del Penedés, |c 1930 | ||
| 300 | |a 53 fitxes, 14 taules (incomplet) ; |c 22 cm | ||
| 590 | |a En estoig amb fitxes | ||
| 650 | |a Vi |x Anàlisi |x Ensenyament |9 48751 | ||
| 700 | |a Sociedad Enológica del Penedès |9 48752 | ||
| 901 | |a Arxiu | ||
| 942 | |n 1 | ||
| 952 | |0 0 |1 0 |4 0 |6 C2252 |7 1 |9 54829 |a Arxiu |b Arxiu |d 2016-12-01 |l 0 |o C-2-252 |p 14432 |r 2016-12-01 00:00:00 |w 2016-12-01 |y ARXIU | ||
| 999 | |c 58699 |d 58699 | ||